Airlines which flies into Sydney - Statistics

General Stats
  • This quiz has been taken 1,035 times
    855 since last reset
  • The average score is 23 of 41
Answer Stats
Hint Answer % Correct
Air India
94%
Qantas Airways
94%
Emirates
87%
Air China
85%
British Airways
84%
Air New Zealand
82%
Virgin Australia
80%
Virgin Samoa
80%
Singapore Airlines
79%
United Airlines
79%
Delta Airlines
77%
Etihad Airways
73%
Thai Airways
73%
China Southern Airlines
72%
China Eastern Airlines
66%
Japan Airlines
66%
Jetstar Airways
66%
Cathay Pacific
63%
Korean Air
63%
Air Canada
56%
Garuda Indonesia
56%
Hawaiian Airlines
52%
Malaysia Airlines
52%
China Airlines
50%
LAN Airlines
50%
AirAsia X
49%
Asiana Airlines
48%
Vietnam Airlines
47%
Fiji Airways
44%
Philippine Airlines
37%
Scoot
36%
FlyPelican
32%
Tigerair Australia
30%
Cebu Pacific
28%
QantasLink
22%
Air Vanuatu
21%
Aircalin
19%
Regional Express Airlines
19%
Air Niugini
18%
Sichuan Airlines
12%
Solomon Airlines
11%
No matching quizzes found
Score Distribution
Percent of People with Each Score
Percentile by Number Answered
Your Score History
You have not taken this quiz since the last reset